| 000 | 00962cab a22002415a 4500 | ||
|---|---|---|---|
| 001 | L159847 | ||
| 008 | 150113e2017 xxk 000 0 eng d | ||
| 035 | _a(Sirsi) u159847 | ||
| 041 | 0 | _aeng | |
| 100 | 1 | _aCarey, Peter | |
| 245 | 0 | 0 |
_aBehind the scenes _h[electronic resource] |
| 260 |
_aLondon _bRICS _c2017 |
||
| 490 |
_aRICS Building Surveying Journal _vMarch - April 2017, 28-30 (3) |
||
| 520 | _aExplains how a conservation management plan was integral to the restoration of the Theatre Royal, Bristol Old Vic complex. | ||
| 650 | 2 | 4 | _aTHEATRE |
| 650 | 2 | 4 | _aCONSERVATION MANAGEMENT |
| 650 | 2 | 4 | _aBUILT ENVIRONMENT-BUILDING MAINTENANCE AND REFURBISHMENT-BUILDING CONSERVATION |
| 651 | 4 |
_aUnited Kingdom _y |
|
| 690 | _aBUILT ENVIRONMENT-BUILDING MAINTENANCE AND REFURBISHMENT-BUILDING RESTORATION | ||
| 856 | 4 | 0 |
_uhttps://issuu.com/ricsmodus/docs/building_surveying_journal_march_ap _z _yAvailable free online via Issuu |
| 856 | 4 | 0 |
_u _z |
| 942 | _n0 | ||
| 999 |
_c85012 _d85012 |
||